Guide to the Bible / (Record no. 4512)
[ view plain ]
| 000 -LEADER | |
|---|---|
| fixed length control field | 00957cam a2200313 a 4500 |
| 001 - CONTROL NUMBER | |
| control field | 49884420 |
| 003 - CONTROL NUMBER IDENTIFIER | |
| control field | OCoLC |
| 005 - DATE AND TIME OF LATEST TRANSACTION | |
| control field | 20181206171701.0 |
| 008 - FIXED-LENGTH DATA ELEMENTS--GENERAL INFORMATION | |
| fixed length control field | 020731s2002 ohua 000 0 eng d |
| 010 ## - LIBRARY OF CONGRESS CONTROL NUMBER | |
| LC control number | 2002284869 |
| 020 ## - INTERNATIONAL STANDARD BOOK NUMBER | |
| International Standard Book Number | 1586604791 |
| 020 ## - INTERNATIONAL STANDARD BOOK NUMBER | |
| International Standard Book Number | 9781586604790 |
| 035 ## - SYSTEM CONTROL NUMBER | |
| System control number | (OCoLC)49884420 |
| 040 ## - CATALOGING SOURCE | |
| Original cataloging agency | NIC |
| Transcribing agency | COO |
| Modifying agency | DLC |
| -- | BTCTA |
| 042 ## - AUTHENTICATION CODE | |
| Authentication code | lccopycat |
| 050 00 - LIBRARY OF CONGRESS CALL NUMBER | |
| Classification number | BS635.2 |
| Item number | .S65 2002 |
| 082 00 - DEWEY DECIMAL CLASSIFICATION NUMBER | |
| Classification number | 220.6 |
| Edition number | 21 |
| Item number | S642E |
| 092 ## - LOCALLY ASSIGNED DEWEY CALL NUMBER (OCLC) | |
| Classification number | 220.61 |
| Item number | Sm5g |
| 100 1# - MAIN ENTRY--PERSONAL NAME | |
| Personal name | Smith, Carol. |
| 245 10 - TITLE STATEMENT | |
| Title | Guide to the Bible / |
| Statement of responsibility, etc. | Carol Smith. |
| 246 18 - VARYING FORM OF TITLE | |
| Title proper/short title | Everyday guide to the Bible |
| 260 ## - PUBLICATION, DISTRIBUTION, ETC. | |
| Place of publication, distribution, etc. | Urichsville, Ohio : |
| Name of publisher, distributor, etc. | Humble Creek, |
| Date of publication, distribution, etc. | c2002. |
| 300 ## - PHYSICAL DESCRIPTION | |
| Extent | 256 p. : |
| Other physical details | ill. ; |
| Dimensions | 21 cm. |
| 520 ## - SUMMARY, ETC. | |
| Summary, etc. | A simple introductory guide to the Bible with time lines, definitions, and book-by-book synopses. |
| 630 00 - SUBJECT ADDED ENTRY--UNIFORM TITLE | |
| Uniform title | Bible |
| General subdivision | Criticism, interpretation, etc. |
| 630 00 - SUBJECT ADDED ENTRY--UNIFORM TITLE | |
| Uniform title | Bible |
| Form subdivision | Introductions. |
| 630 00 - SUBJECT ADDED ENTRY--UNIFORM TITLE | |
| Uniform title | Bible |
| General subdivision | History of Biblical events. |
| 942 ## - ADDED ENTRY ELEMENTS (KOHA) | |
| Source of classification or shelving scheme | Dewey Decimal Classification |
| Koha item type | Books |
| Withdrawn status | Lost status | Source of classification or shelving scheme | Damaged status | Not for loan | Collection code | Home library | Current library | Shelving location | Date acquired | Cost, normal purchase price | Total Checkouts | Full call number | Barcode | Date last seen | Price effective from | Koha item type |
|---|---|---|---|---|---|---|---|---|---|---|---|---|---|---|---|---|
| Dewey Decimal Classification | Non-fiction | Harvest Mission College | Harvest Mission College | General Stacks | 06.12.2018 | 380.00 | 220.6 S642E | 005021 | 06.12.2018 | 06.12.2018 | Books |
